|
|
|
|
| LEADER |
00758nam a2200169 a 4500 |
| 008 |
090510s1986 bg ab b o001 0 eng d |
| 082 |
0 |
0 |
|a 664.35492
|2 19
|
| 100 |
1 |
|
|a Kaul, A.K.
|
| 245 |
1 |
0 |
|a Oilseeds in Bangladesh /
|c A.K.Kaul & M.L.Das
|
| 260 |
|
|
|a Dhaka,Bangladesh :
|b Bangladesh-Canada Agriculture Sector Team,
|b Ministry of Agricilture,Govt. of the Peoples`Republic of Bangladesh
|c 1986.
|
| 300 |
|
|
|a xx,323 p.:
|b ill.;
|c 24 cm.
|
| 541 |
1 |
|
|e 00002924
|
| 650 |
|
0 |
|a Oilseeds.
|
| 700 |
1 |
|
|a Das,M.L.
|
| 852 |
4 |
|
|a <add your library>
|j <shelf mark>
|
| 999 |
|
|
|c 596
|d 596
|
| 952 |
|
|
|0 0
|1 0
|2 ddc
|4 0
|6 664_354920000000000_KAU_1986
|7 0
|9 546
|a BRACUL
|b BRACUL
|c GEN
|d 2009-05-12
|g 0.00
|l 0
|o 664.35492 KAU
|p 3010002924
|r 2009-05-12
|t 1
|w 2009-05-12
|y BK
|x No price found in the accession register.
|